SynergiCity : reinventing the postindustrial city /

Bibliographic Details
Corporate Author: ebrary, Inc
Other Authors: Kapp, Paul Hardin, Armstrong, Paul J.
Format: eBook
Language:English
Published: Champaign : University of Illinois Press, 2012.
Subjects:
Online Access:Connect to the full text of this electronic book

MARC

Tag First Indicator Second Indicator Subfields
LEADER 00000cam a2200000Ia 4500
001 in00002785593
006 m o d
007 cr cn|||||||||
008 120620s2012 iluaf ob s001 0 eng
005 20250816204041.3
010 |z  2012024408 
020 |z 9780252036811 (hardback) 
020 |z 9780252093937 
035 |a (CaPaEBR)ebr10617493 
040 |a CaPaEBR  |c CaPaEBR  |d UtOrBLW 
043 |a n-us--- 
050 1 4 |a HT167  |b .S89 2012eb 
082 0 4 |a 307.1/2160973  |2 23 
245 0 0 |a SynergiCity :  |b reinventing the postindustrial city /  |c Paul Hardin Kapp and Paul J. Armstrong, contributing editors ; foreword by Richard Florida. 
264 1 |a Champaign :  |b University of Illinois Press,  |c 2012. 
300 |a 1 online resource (xiii, 194 pages, 16 pages of plates) :  |b illustrations 
336 |a text  |b txt  |2 rdacontent 
337 |a computer  |b c  |2 rdamedia 
338 |a online resource  |b cr  |2 rdacarrier 
504 |a Includes bibliographical references and index. 
500 |a Electronic resource. 
650 0 |a City planning  |z United States. 
650 0 |a Cities and towns  |z United States. 
650 0 |a Deindustrialization  |x Social aspects  |z United States. 
655 7 |a Electronic books.  |2 local 
700 1 |a Kapp, Paul Hardin. 
700 1 |a Armstrong, Paul J. 
710 2 |a ebrary, Inc. 
856 4 0 |u https://ebookcentral.proquest.com/lib/tamucs/detail.action?docID=3414142  |y Connect to the full text of this electronic book  |t 0 
980 |a 121127  |b 60  |c USD  |e 90  |f YBP_EBR0000047632  |g 1 
999 f f |s 3e642721-d37b-35e5-adfa-e02e9145a297  |i a86092c8-6533-38df-9eaa-029e3b7355e9  |t 0 
999 |a MARS 
952 f f |a Texas A&M University  |b College Station  |c Electronic Resources  |d Available Online  |t 0  |e HT167 .S89 2012eb  |h Library of Congress classification 
998 f f |a HT167 .S89 2012eb  |t 0  |l Available Online